| 000 | 00467nam a22001697a 4500 | ||
|---|---|---|---|
| 005 | 20251108165546.0 | ||
| 008 | 250721s1979 xx 000 0 ara d | ||
| 082 | 1 | 4 | _aم/320.158/محا |
| 245 | 1 | 0 | _aمحاضر محادثات الوحدة / |
| 250 | _aط3 | ||
| 264 | 1 |
_aبيروت : _bدار المسيرة، _c1979. |
|
| 300 | _a2ج | ||
| 650 | 1 | 7 | _aالقومية العربية |
| 650 | 1 | 7 | _aالوحدة العربية |
| 942 |
_2ddc _cREF |
||
| 999 |
_c30735 _d30735 |
||